Disney Sorting Gallery Quiz Stats

 Plays Quiz Updated Jul 13, 2016

Challenge
Share
Tweet
Embed
Score 0/55 Timer 07:00
3 Plays Today
% Correct
A Bug's Life
96.3%
Monsters Inc.
92.4%
The Incredibles
91.8%
WALL-E
91.5%
Finding Nemo
91.3%
Toy Story
91%
Ariel
90.3%
Jack Sparrow
90.3%
Cinderella
89.9%
Belle
89.8%
Dopey
89.2%
Aurora
89.2%
Jasmine
88.9%
Sleepy
88.8%
Snow White
88.6%
Grumpy
88.6%
Happy
88.5%
Peter Pan
88%
Captain Hook
87.8%
Mulan
87.8%
Sneezy
87.7%
Pocahontas
87.6%
Ratatouille
87.6%
Bashful
87.2%
Cars
87.1%
Davy Jones
87%
Doc
87%
Chip 'n' Dale Rescue Rangers
86.8%
% Correct
Elizabeth Swann
86.8%
Mickey
86.7%
Hector Barbossa
86.6%
Pluto
85.8%
Dewey
85.8%
Huey
85.4%
James Norrington
85.3%
Will Turner
84.3%
Tramp
83.9%
Louie
83.7%
Duck Tales
83.5%
Bolt
83.5%
Joshamee Gibbs
83.4%
Mr. Smee
83.1%
Lady
82.3%
Cutler Beckett
81.9%
Goof Troop
80.2%
Flotsam
79.6%
Darkwing Duck
79.5%
TaleSpin
79.5%
Jetsam
79.1%
Up
78.5%
Brave
76%
Jack the Monkey
74.5%
Jake
70.9%
Skully
70.1%
Cubby
69.5%

You're not logged in!

Compare scores with friends on all Sporcle quizzes.
Join for Free
OR
Log In

You Might Also Like...

Show Comments

Extras

Top Quizzes Today


Score Distribution

Your Account Isn't Verified!

In order to create a playlist on Sporcle, you need to verify the email address you used during registration. Go to your Sporcle Settings to finish the process.

Report this User

Report this user for behavior that violates our Community Guidelines.

Details: